Statystyki dla Neutrality in world war II

Kliknij tutaj aby rozwiązać quiz!

Ogólne statystyki

  • Ten quiz został rozwiązany 5 902 razy
  • Średni wynik to 5 z 15

Statystyki odpowiedzi

Państwo% Poprawnych
Szwajcaria
91%
Szwecja
72%
Portugalia
60%
Hiszpania
59%
Watykan
39%
Irlandia
38%
Andora
35%
Monako
28%
Liechtenstein
26%
Estonia
16%
Litwa
16%
Łotwa
16%
Królestwo Afganistanu
13%
Królestwo Jemenu
10%
Tybet
8%

Rozkład punktacji

Percentyl według liczby udzielonych odpowiedzi

Procent ludzi z każdym wynikiem

Twoja historia wyników

Nie rozwiązałeś tego quizu